A minha mãe é a melhor do mundo (Registo nº 24324)

Detalhes MARC
000 -Etiqueta do registo
Valores 00653nam a22002291i 4500
010 ## - Número ISBN
ISBN 9789895554584
090 ## -
-- 24324
100 ## - Dados gerais de processamento
Dados gerais 20170304u u u0frey50 ba
101 0# - Língua de publicação
-- por
200 1# - Titulo e menção de responsabilidade
Primeira menção de responsabilidade Maria João Lopo de Carvalho
Título próprio A minha mãe é a melhor do mundo
210 ## - Publicação
Nome do editor Oficina do Livro
Local de publicação Alfragide
Data de publicação 2016
215 ## - Descrição física 
Paginação / Volumes [32] p.
Outras indicações físicas il.
Dimensões 25 cm
225 2# - Colecção 
Título próprio da colecção Melhor do mundo
300 ## - Notas gerais 
Texto da nota Ler + Plano Nacional de Leitura
606 ## - Nome comum usado como assunto
ID Autoridade 185
Palavra de ordem Literatura infantil
675 ## - CDU
Notação 8:087.5
-- 69
700 #1 - Autor principal (pessoa individual)
Apelido Carvalho
Nome Maria João Lopo de
-- 070
Datas 1962-
702 #1 - Autor secundário (pessoa individual)
Apelido Nogueira
Nome Helena
-- 440
ID Autoridade 167
801 ## - Fonte de origem
País PT
Regras de catalogação RPC
990 ## - Elementos KOHA
Tipo de documento Livro
994 ## - Estado da catalogação
-- COMP
Exemplares
Situação do levantamento Estado Biblioteca de origem Biblioteca de empréstimo Código de barras Cota Permissão de empréstimo Tipo de documento Nota relativa ao exemplar
  Completo Biblioteca Municipal de Viana Do Alentejo Biblioteca Municipal de Viana Do Alentejo 0030738 8 CAR Disponível Livro 6-10 anos




Powered by Koha